La actual guerra secreta / (Record no. 176795)

MARC details
000 -LEADER
campo de control de longitud fija 00873nam a22002655i 4500
001 - NÚMERO DE CONTROL
campo de control 176795
003 - IDENTIFICADOR DE NÚMERO DE CONTROL
campo de control ES-MaACL
005 - FECHA Y HORA DE LA ÚLTIMA TRANSACCIÓN
campo de control 20230906220201.0
008 - DATOS DE LONGITUD FIJA--INFORMACIÓN GENERAL
campo de control de longitud fija 110209s1968 sp ao |||| | spa d
080 ## - NÚMERO DE LA CLASIFICACIÓN DECIMAL UNIVERSAL
Número de la Clasificación Decimal Universal 355.40(100)
100 1# - ENTRADA PRINCIPAL--NOMBRE DE PERSONA
Nombre de persona Nord, Pierre.
9 (RLIN) 85959
245 13 - MENCIÓN DEL TÍTULO
Título La actual guerra secreta /
Mención de responsabilidad, etc. Pierre Nord, Jacques Bergier ; [traducción de Manuel Cruells].
250 ## - MENCION DE EDICION
Mención de edición 1ª ed.
260 ## - PUBLICACIÓN, DISTRIBUCIÓN, ETC.
Lugar de publicación, distribución, etc. Barcelona :
Nombre del editor, distribuidor, etc. Plaza & Janés,
Fecha de publicación, distribución, etc. 1968.
300 ## - DESCRIPCIÓN FÍSICA
Extensión 254 p. :
Otras características físicas il. ;
Dimensiones 18 cm.
490 1# - MENCIÓN DE SERIE
Mención de serie Enciclopedia horizonte ;
Designación de volumen o secuencia 1
650 ## - PUNTO DE ACCESO ADICIONAL DE MATERIA--TÉRMINO DE MATERIA
Término de materia o nombre geográfico como elemento de entrada Servicios de inteligencia.
9 (RLIN) 145145
650 #4 - PUNTO DE ACCESO ADICIONAL DE MATERIA--TÉRMINO DE MATERIA
Término de materia o nombre geográfico como elemento de entrada Espionaje.
9 (RLIN) 145144
650 #4 - PUNTO DE ACCESO ADICIONAL DE MATERIA--TÉRMINO DE MATERIA
Término de materia o nombre geográfico como elemento de entrada Política mundial-
Subdivisión cronológica 1945-1989.
9 (RLIN) 143375
700 1# - ENTRADA AGREGADA--NOMBRE PERSONAL
Nombre de persona Bergier, Jacques.
9 (RLIN) 27989
700 1# - ENTRADA AGREGADA--NOMBRE PERSONAL
Nombre de persona Cruells, Manuel.
9 (RLIN) 41767
830 1# - PUNTO DE ACCESO ADICIONAL DE SERIE-TÍTULO UNIFORME
Título uniforme Enciclopedia horizonte ;
Designación de volumen o secuencia 1
9 (RLIN) 190248
852 ## - LOCALIZACIÓN
Ubicación ES-MaACL
Número de control de estantería E-14270
Encuadernación Olim P-1404
Holdings
Estatus retirado Estado de pérdida Estado de daño No para préstamo Biblioteca de origen Biblioteca actual Ubicación en estantería Fecha de adquisición Fuente de adquisición Total de préstamos Signatura topográfica completa Código de barras Visto por última vez Precio de reemplazo Tipo de ítem Koha
        Biblioteca del Ateneo de Madrid Biblioteca del Ateneo de Madrid Depósito 2 09/02/2011     E-14270 1185687 23/02/2023 23/02/2023 Libro impreso